[Event "Lansing (MOR/1b/11)"]
[Site "?"]
[Date "1997.??.??"]
[Round "?"]
[White "King, Edwin"]
[Black "Turner, A."]
[Result "1/2-1/2"]
[WhiteElo "1635"]
[BlackElo "1605"]
[PlyCount "131"]
[EventDate "1997.??.??"]

1. d4 Nf6 2. c4 e6 3. Nf3 d5 4. Nc3 Nbd7 5. Bg5 Be7 6. e3 c6 7. Bd3 h6 8. Bh4
O-O 9. O-O dxc4 10. Bxc4 Qc7 11. e4 e5 12. Rc1 exd4 13. Nxd4 Nb6 14. Bg3 Bd6
15. Bxf7+ Rxf7 16. Ncb5 Qe7 17. Nxd6 Rf8 18. f3 Kh8 19. N4f5 Bxf5 20. Nxf5 Qf7
21. b3 Rad8 22. Qc2 Rd7 23. Rfd1 Rfd8 24. Rxd7 Rxd7 25. Rd1 Qe6 26. Rxd7 Qxd7
27. Be5 Qe6 28. Qb2 Nbd7 29. Bc3 Kh7 30. Qd2 c5 31. Qd6 Qxd6 32. Nxd6 b6 33. e5
Nd5 34. e6 N7f6 35. Bxf6 gxf6 36. Nc8 Kg7 37. Nxa7 Kf8 38. Nc6 Ke8 39. Kf2 Nc7
40. b4 Nd5 41. bxc5 bxc5 42. a4 Nc7 43. Ke2 Nxe6 44. Kd2 Kd7 45. Na5 Nf4 46. g3
Nd5 47. Kd3 Nb6 48. f4 Nxa4 49. Ke4 Ke6 50. g4 Nb2 51. Nb3 Na4 52. h4 Nc3+ 53.
Kd3 Na4 54. Kc4 Kd6 55. h5 Nb6+ 56. Kb5 Nd7 57. Kc4 Nb6+ 58. Kb5 Nd7 59. g5
fxg5 60. fxg5 hxg5 61. Nxc5 g4 62. Ne4+ Ke5 63. Ng5 Nf8 64. Nf7+ Kf6 65. Nh6
Kg5 66. Nxg4 1/2-1/2

[Event "Lansing (MOR/5/17)"]
[Site "?"]
[Date "1997.??.??"]
[Round "?"]
[White "King, Edwin"]
[Black "Saenz, Scott"]
[Result "1-0"]
[WhiteElo "1645"]
[BlackElo "1605"]
[PlyCount "31"]
[EventDate "1997.??.??"]

{5/(17)} 1. d4 Nf6 2. c4 e6 3. Nf3 b6 4. g3 Bb7 5. Bg2 c5 6. O-O d5 7. Bg5 cxd4
8. Nxd4 Bc5 9. Nb3 h6 10. Bxf6 Qxf6 11. Nc3 Na6 12. cxd5 e5 13. Ne4 Be7 14. d6
Bxe4 15. Bxe4 Bf8 16. Bc6+ 1-0

[Event "Tecumseh (RVO/3/9)"]
[Site "?"]
[Date "1997.??.??"]
[Round "?"]
[White "King, Edwin"]
[Black "Ryan, Mark"]
[Result "1-0"]
[WhiteElo "1635"]
[BlackElo "1605"]
[PlyCount "35"]
[EventDate "1997.??.??"]

{3/(9)} 1. d4 d5 2. c4 c6 3. Nf3 Nf6 4. Nc3 Bg4 5. Ne5 Bf5 6. Qb3 b6 7. cxd5
cxd5 8. e4 Bxe4 9. Nxe4 Nxe4 10. Bb5+ Nd7 11. Bxd7+ Qxd7 12. Nxd7 Kxd7 13.
Qxd5+ Nd6 14. Qxa8 g6 15. Qxa7+ Ke6 16. O-O Kf6 17. Bf4 Nf5 18. Be5+ 1-0

[Event "Lansing (MOR/3/15)"]
[Site "?"]
[Date "1997.??.??"]
[Round "?"]
[White "King, Edwin"]
[Black "Menczer, David"]
[Result "1-0"]
[WhiteElo "1635"]
[BlackElo "1605"]
[PlyCount "91"]
[EventDate "1997.??.??"]

{3/(15)} 1. d4 Nf6 2. c4 d5 3. cxd5 Nxd5 4. Nf3 Bf5 5. Qb3 Nb6 6. Nc3 e6 7. e4
Bg6 8. Be3 N8d7 9. Rd1 Nf6 10. Bd3 Be7 11. h3 O-O 12. O-O a6 13. Rfe1 Qc8 14.
d5 exd5 15. exd5 Nbd7 16. Bxg6 hxg6 17. Bf4 Bd6 18. Bxd6 cxd6 19. Rc1 b5 20.
Nxb5 Nc5 21. Nxd6 Nxb3 22. Rxc8 Rfxc8 23. Nxc8 Rxc8 24. axb3 Nxd5 25. Nd4 Kf8
26. Ra1 Ra8 27. Nc6 Ke8 28. Ra5 Nc7 29. Nb4 Kd7 30. Nd3 Kd6 31. Ne5 Ke6 32. Nc4
Rb8 33. Rc5 Kd7 34. Ne5+ Kd6 35. Rc6+ Kxe5 36. Rxc7 Rxb3 37. Rxf7 Rxb2 38. Rxg7
Kf6 39. Ra7 Ra2 40. g4 Kg5 41. Kg2 Kf4 42. Rf7+ Kg5 43. Kg3 Ra3+ 44. f3 a5 45.
h4+ Kh6 46. g5+ 1-0

[Event "Tecumseh (RVO/1/19)"]
[Site "?"]
[Date "1997.??.??"]
[Round "?"]
[White "King, Edwin"]
[Black "Crawford, Brandon"]
[Result "1-0"]
[WhiteElo "1635"]
[BlackElo "1605"]
[PlyCount "73"]
[EventDate "1997.??.??"]

{1/(19)} 1. d4 Nf6 2. c4 e6 3. Nf3 b6 4. g3 Bb7 5. Bg2 d5 6. Ne5 c6 7. Nc3 Bb4
8. Bg5 O-O 9. O-O Bxc3 10. bxc3 Na6 11. Qa4 Nc7 12. Bxf6 Qxf6 13. Nd7 Qe7 14.
Nxf8 Qxf8 15. e4 b5 16. cxb5 cxb5 17. Qb3 dxe4 18. Rfe1 Bd5 19. Qc2 f5 20. a4
Rc8 21. Bf1 f4 22. axb5 Nxb5 23. Bxb5 fxg3 24. hxg3 Qf3 25. Re3 Qg4 26. Qe2 Qh3
27. c4 Bb7 28. Rxa7 Ba8 29. Qa2 Bc6 30. Bxc6 Rxc6 31. Ra8+ Kf7 32. Qa7+ Kg6 33.
Rg8 Qh6 34. Rxe4 Kf5 35. Re5+ Kg6 36. Rxg7+ Qxg7 37. Rg5+ 1-0

[Event "Tecumseh (RVO/5/6)"]
[Site "?"]
[Date "1997.??.??"]
[Round "?"]
[White "King, Edwin"]
[Black "Anderson, James A"]
[Result "0-1"]
[WhiteElo "1635"]
[BlackElo "1875"]
[PlyCount "68"]
[EventDate "1997.??.??"]

{5/(6)} 1. d4 Nf6 2. c4 c5 3. Nf3 cxd4 4. Nxd4 Nc6 5. Nc3 d6 6. e4 g6 7. Bf4
Nxd4 8. Qxd4 e5 9. Bxe5 dxe5 10. Qxe5+ Qe7 11. Qb5+ Qd7 12. Qe5+ Qe6 13. Qd4
Bb4 14. O-O-O O-O 15. Nb5 Ba5 16. Bd3 Rd8 17. Qe3 a6 18. Na3 Bd7 19. Nc2 Ba4
20. b3 Bc6 21. b4 Bc7 22. f3 Ba4 23. Rd2 b5 24. Na3 Qe5 25. Bb1 bxc4 26. Nxc4
Qb5 27. Rxd8+ Rxd8 28. Qc5 Bf4+ 29. Kb2 Qd7 30. g3 Rc8 31. Qb6 Rxc4 32. gxf4
Qd2+ 33. Ka3 Bb5 34. Qxf6 Qxb4# 0-1

[Event "Lansing (MOR/4/14)"]
[Site "?"]
[Date "1997.??.??"]
[Round "?"]
[White "King, Billy"]
[Black "Sundeen, David"]
[Result "1/2-1/2"]
[WhiteElo "1605"]
[BlackElo "1700"]
[PlyCount "97"]
[EventDate "1997.??.??"]

{4/(14)} 1. e4 e5 2. Bc4 Nf6 3. d3 d5 4. exd5 Nxd5 5. Nf3 Nc6 6. O-O Be7 7. Re1
Bg4 8. Nbd2 O-O 9. h3 Bxf3 10. Nxf3 Bf6 11. c3 Re8 12. d4 Nb6 13. Bb5 exd4 14.
Rxe8+ Qxe8 15. Bxc6 Qxc6 16. Nxd4 Bxd4 17. Qxd4 Qd5 18. Qg4 Re8 19. Be3 Qe6 20.
Qxe6 Rxe6 21. Rd1 Kf8 22. Rd8+ Ke7 23. Rb8 Kd7 24. Rxb7 Nc8 25. Rb4 a6 26. Kf1
Nb6 27. Bxb6 cxb6 28. f4 f5 29. Kf2 h6 30. g4 g6 31. a4 Kc6 32. Rd4 Rf6 33. Kf3
Re6 34. Kf2 Rf6 35. Rd3 fxg4 36. hxg4 Rxf4+ 37. Rf3 Rxf3+ 38. Kxf3 Kd5 39. b3
h5 40. gxh5 gxh5 41. Kf4 h4 42. Kg4 Ke4 43. a5 b5 44. Kxh4 Kd3 45. c4 bxc4 46.
bxc4 Kxc4 47. Kg3 Kb5 48. Kf2 Kxa5 49. Ke2 1/2-1/2

[Event "Lansing (MOR/2/13)"]
[Site "?"]
[Date "1997.??.??"]
[Round "?"]
[White "King, Billy"]
[Black "Schell, Ken"]
[Result "0-1"]
[WhiteElo "1605"]
[BlackElo "1690"]
[PlyCount "78"]
[EventDate "1997.??.??"]

{2/(13)} 1. e4 d5 2. exd5 Nf6 3. d4 Nxd5 4. c4 Nb6 5. Nf3 Bg4 6. Be3 e6 7. Be2
Be7 8. Qb3 Nc6 9. c5 Nd7 10. Qxb7 Na5 11. Qb5 c6 12. Qa4 Qc7 13. Nbd2 Bf6 14.
Ne4 Ke7 15. g3 Rhb8 16. Nxf6 gxf6 17. b4 Nc4 18. h3 Nxe3 19. a3 Bxf3 20. Bxf3
Nd5 21. O-O Rg8 22. Kh2 f5 23. Bxd5 cxd5 24. f4 a6 25. Rfe1 Nf6 26. Qd1 Ne4 27.
Re3 Rg7 28. Qh5 Rag8 29. a4 Nxg3 30. Qh4+ f6 31. b5 Ne4 32. b6 Rg2+ 33. Kh1 Qb8
34. Qxh7+ R8g7 35. Rxe4 Rxh7 36. Rxe6+ Kxe6 37. Kxg2 Qxf4 38. Re1+ Kd7 39. Ra1
Rg7+ 0-1

[Event "Lansing (MOR/6/11)"]
[Site "?"]
[Date "1997.??.??"]
[Round "?"]
[White "King, Billy"]
[Black "Sanborn, Richard"]
[Result "0-1"]
[WhiteElo "1605"]
[BlackElo "1770"]
[PlyCount "238"]
[EventDate "1997.??.??"]

{6/(11)} 1. e4 c5 2. Nc3 d6 3. g3 Nc6 4. Bg2 g6 5. d3 Bg7 6. Be3 Nf6 7. h3 O-O
8. Qd2 Re8 9. Nge2 a6 10. f4 Qc7 11. O-O b5 12. f5 Ne5 13. g4 b4 14. Nd1 Bb7
15. Nf4 c4 16. g5 Nfd7 17. d4 c3 18. bxc3 Nc4 19. Qd3 Nxe3 20. Nxe3 Qxc3 21.
Qxc3 bxc3 22. Ne2 Rac8 23. Rab1 Rc7 24. Rb3 Rec8 25. Rfb1 Ba8 26. Ng4 gxf5 27.
exf5 Bxg2 28. Kxg2 Rc4 29. Rb7 R8c7 30. Kf3 Kf8 31. Ne3 R4c6 32. Nd5 Rxb7 33.
Rxb7 Ke8 34. Ke3 h6 35. h4 e6 36. f6 Bf8 37. Ndxc3 hxg5 38. hxg5 d5 39. Kd2 Bd6
40. Ra7 Nb6 41. Kd3 Nd7 42. Ra8+ Nb8 43. Na4 Kd7 44. Ra7+ Ke8 45. Rb7 Nd7 46.
Nac3 Rc7 47. Rxc7 Bxc7 48. Na4 Kf8 49. c4 dxc4+ 50. Kxc4 Kg8 51. Nc5 Nb6+ 52.
Kb4 Nd5+ 53. Ka4 Nf4 54. Ng1 e5 55. dxe5 Bb6 56. Nxa6 Bxg1 57. Nb8 Ne6 58. Nc6
Nxg5 59. Nd8 Bd4 60. Nc6 Ba1 61. Kb5 Nf3 62. a4 Nxe5 63. Ne7+ Kf8 64. a5 Bd4
65. a6 Ke8 66. Nf5 Bf2 67. Nd6+ Kd7 68. Ne4 Ba7 69. Ng5 Kd6 70. Ne4+ Ke6 71.
Ng5+ Kxf6 72. Ne4+ Ke6 73. Ng5+ Kd5 74. Nh7 f5 75. Nf6+ Kd4 76. Nh5 Ke3 77. Nf6
f4 78. Nd5+ Ke4 79. Nc3+ Kd3 80. Nd5 f3 81. Nf4+ Kd2 82. Nh3 Ke1 83. Kb4 Be3
84. Kb5 f2 85. Nxf2 Kxf2 86. Kb4 Bd4 87. Kb5 Ke3 88. Kb4 Ke4 89. Kb3 Kd5 90.
Kb4 Kc6 91. Ka5 Bc3+ 92. Ka4 Kb6 93. Kb3 Bd4 94. a7 Kxa7 95. Kc2 Kb6 96. Kd2
Kc5 97. Ke2 Kd5 98. Kd2 Ke4 99. Ke2 Be3 100. Kd1 Nf3 101. Kc2 Kd4 102. Kd1 Ng1
103. Kc2 Ne2 104. Kb3 Bd2 105. Kc2 Ke3 106. Kd1 Nf4 107. Kc2 Nh3 108. Kb3 Kd3
109. Ka4 Kc4 110. Ka3 Bc3 111. Ka4 Nf4 112. Ka3 Nd3 113. Ka4 Nc5+ 114. Ka3 Kd3
115. Ka2 Kc2 116. Ka3 Ba5 117. Ka2 Bb4 118. Ka1 Nb3+ 119. Ka2 Nc1+ 0-1

[Event "Lansing (MOR/7/15)"]
[Site "?"]
[Date "1997.??.??"]
[Round "?"]
[White "King, Billy"]
[Black "Nicolli, Randy"]
[Result "1-0"]
[WhiteElo "1605"]
[BlackElo "1785"]
[PlyCount "91"]
[EventDate "1997.??.??"]

{7/(15)} 1. e4 e5 2. Bc4 Nf6 3. d3 Bc5 4. Nc3 h6 5. f4 d6 6. f5 Nc6 7. Na4 Bxg1
8. Rxg1 Na5 9. Bb3 Nxb3 10. axb3 d5 11. Qe2 Qe7 12. g4 b5 13. Nc3 Qc5 14. Rg2
d4 15. Na2 Bb7 16. g5 hxg5 17. Rxg5 Rh4 18. Bd2 Qxc2 19. Rc1 Qxb2 20. Rxc7 Qxa2
21. Re7+ Kf8 22. Rxb7 Qb1+ 23. Kf2 Rxh2+ 24. Rg2 Rxg2+ 25. Kxg2 Qxb3 26. Bg5
Ng8 27. f6 gxf6 28. Bd2 Rc8 29. Qg4 Ne7 30. Rxe7 Kxe7 31. Qxc8 Qb2 32. Qc7+ Kf8
33. Qa5 b4 34. Qxb4+ Qxb4 35. Bxb4+ Kg7 36. Kf3 Kh7 37. Kg4 Kg6 38. Ba5 a6 39.
Bd8 f5+ 40. exf5+ Kg7 41. Kf3 f6 42. Ke4 Kf7 43. Kd5 Kg7 44. Ke6 e4 45. dxe4 d3
46. Ba5 1-0

[Event "Lansing (MOR/1a/19)"]
[Site "?"]
[Date "1997.??.??"]
[Round "?"]
[White "Khraizat, Ali"]
[Black "Spindleman, Brian"]
[Result "1/2-1/2"]
[WhiteElo "1605"]
[BlackElo "1605"]
[PlyCount "88"]
[EventDate "1997.??.??"]

1. d4 Nf6 2. e3 g6 3. Bd3 Bg7 4. Nd2 d6 5. c3 O-O 6. f4 b6 7. Ngf3 c5 8. Ne4
Bb7 9. Nxf6+ Bxf6 10. Bd2 e6 11. Qc2 Nd7 12. Be4 d5 13. Bd3 c4 14. Be2 Rc8 15.
h4 Bg7 16. O-O-O Nf6 17. Rdf1 Ne4 18. Be1 Nd6 19. g4 f5 20. gxf5 Nxf5 21. Bf2
b5 22. h5 Ne7 23. Rfg1 Rf5 24. Nh4 Rf6 25. hxg6 h6 26. Nf3 Rc6 27. Ne5 Ra6 28.
Nf7 Qf8 29. Bh4 Rxa2 30. Bxf6 Ra1+ 31. Kd2 Rxg1 32. Rxg1 Bxf6 33. g7 Qxf7 34.
Bg4 h5 35. Bh3 Bc8 36. Kc1 Bh4 37. Qh2 Bf6 38. Bg2 Nf5 39. e4 Ne3 40. Bf3 h4
41. e5 Bxg7 42. Qxh4 Nf5 43. Qg5 Qe7 44. Qg6 Qf7 1/2-1/2

[Event "Lansing (MOR/3/38)"]
[Site "?"]
[Date "1997.??.??"]
[Round "?"]
[White "Khraizat, Ali"]
[Black "Masek, Adam"]
[Result "1-0"]
[WhiteElo "1605"]
[BlackElo "1605"]
[PlyCount "79"]
[EventDate "1997.??.??"]

{3/(38)} 1. e4 c6 2. d4 d5 3. exd5 cxd5 4. Bd3 Nf6 5. Bg5 Nbd7 6. Nf3 e6 7. Bf4
b6 8. Nc3 Nh5 9. Be5 Nxe5 10. Nxe5 Nf4 11. Qf3 Nxd3+ 12. Qxd3 a6 13. O-O Bd6
14. f4 f6 15. Ng4 Qc7 16. Rae1 O-O 17. Qg3 Kh8 18. h4 f5 19. Ne5 Bxe5 20. Rxe5
Qc4 21. Qe3 Bd7 22. b3 Qc6 23. Qg3 Rf6 24. h5 g6 25. Qg5 Raf8 26. Re3 gxh5 27.
Qxh5 Be8 28. Qh4 e5 29. fxe5 Rh6 30. Qf4 Qg6 31. Ne2 Qh5 32. Rh3 Qxe2 33. Qxh6
Rf7 34. Rxf5 Qd1+ 35. Kh2 Qxd4 36. Rxf7 Qxe5+ 37. Kg1 Qe1+ 38. Rf1 Qe7 39. Rf8+
Qxf8 40. Qxh7# 1-0

[Event "Lansing (MOR/6/29)"]
[Site "?"]
[Date "1997.??.??"]
[Round "?"]
[White "Khraizat, Ali"]
[Black "Hollinsworth, Galon"]
[Result "1-0"]
[WhiteElo "1605"]
[BlackElo "1605"]
[PlyCount "47"]
[EventDate "1997.??.??"]

{6/(29)} 1. c4 Nf6 2. Nc3 d5 3. d4 Nc6 4. Bg5 e6 5. Nf3 h6 6. Bh4 Bb4 7. e3 b6
8. cxd5 Qxd5 9. Bd3 Bxc3+ 10. bxc3 Nd7 11. Bg3 e5 12. Qc2 Bb7 13. Be4 Qe6 14.
d5 Qd6 15. dxc6 Bxc6 16. Rd1 Qc5 17. Bxc6 Qxc6 18. O-O O-O 19. Nxe5 Nxe5 20.
Bxe5 Rae8 21. Bg3 Rd8 22. Rd3 Qe4 23. Rfd1 Rxd3 24. Qxd3 1-0

[Event "Lansing (MOR/7/18)"]
[Site "?"]
[Date "1997.??.??"]
[Round "?"]
[White "Khraizat, Ali"]
[Black "Dolin, Jack"]
[Result "1-0"]
[WhiteElo "1605"]
[BlackElo "1605"]
[PlyCount "73"]
[EventDate "1997.??.??"]

{7/(18)} 1. c4 c5 2. Nc3 e6 3. Nf3 Nc6 4. e4 Qc7 5. d4 cxd4 6. Nxd4 Nxd4 7.
Qxd4 e5 8. Nd5 Bb4+ 9. Bd2 Bxd2+ 10. Qxd2 Qd8 11. Be2 Nf6 12. Nxf6+ Qxf6 13.
Rd1 O-O 14. O-O Re8 15. Bg4 Rd8 16. Qd6 Qg5 17. f3 a5 18. Rd5 Ra6 19. Qxe5 Qe3+
20. Kh1 Qe2 21. Rfd1 Ra8 22. Qc3 Qf2 23. Qd4 Qh4 24. Bxd7 Bxd7 25. Rxd7 Rdb8
26. g3 Qf6 27. Qxf6 gxf6 28. Rc7 Rd8 29. Rdd7 Rxd7 30. Rxd7 Rc8 31. b3 b5 32.
cxb5 Rc1+ 33. Kg2 Rc2+ 34. Kh3 Rxa2 35. b6 Rb2 36. b7 Rxb3 37. Rd8+ 1-0

[Event "Lansing (MOR/7/12)"]
[Site "?"]
[Date "1997.??.??"]
[Round "?"]
[White "Kane, Paul"]
[Black "Wyatt, David"]
[Result "0-1"]
[WhiteElo "1635"]
[BlackElo "1605"]
[PlyCount "104"]
[EventDate "1997.??.??"]

{7/(12)} 1. d4 g6 2. c4 Bg7 3. Nc3 c5 4. d5 Bxc3+ 5. bxc3 f5 6. Nf3 Qa5 7. Qc2
d6 8. Bd2 Nf6 9. g3 Nbd7 10. Bg2 h6 11. Nh4 Ne5 12. O-O Nxc4 13. Nxg6 Rg8 14.
Nf4 h5 15. h4 Bd7 16. Ne6 Bxe6 17. dxe6 O-O-O 18. Rfb1 d5 19. Bf4 Ne4 20. Rb3
Qa6 21. Rab1 b6 22. Bh3 Rdf8 23. Bg2 Na3 24. Rxb6 axb6 25. Rxb6 Qxb6 26. Qa4
Qxe6 27. Qa8+ Kd7 28. Qb7+ Ke8 29. Bf3 Rh8 30. Qa8+ Kf7 31. Qxa3 Ra8 32. Qb2
Qf6 33. Qb3 Qc6 34. e3 e6 35. Be5 Nd2 36. Qd1 Nxf3+ 37. Qxf3 Rh7 38. Qf4 Rg8
39. f3 Qb5 40. a4 Qc4 41. e4 dxe4 42. Qd2 Qd3 43. Qb2 Qe3+ 44. Kh2 Qxf3 45. Qd2
Qd3 46. Qb2 Rd8 47. Qb7+ Rd7 48. Qc6 Qd5 49. Qb5 Rb7 50. Qa6 Qa2+ 51. Kh3 Rb1
52. Qa7+ Kg6 0-1

[Event "Lansing (MOR/3/3)"]
[Site "?"]
[Date "1997.??.??"]
[Round "?"]
[White "Kane, Paul"]
[Black "Walquist, Elaine"]
[Result "1-0"]
[WhiteElo "1635"]
[BlackElo "1745"]
[PlyCount "159"]
[EventDate "1997.??.??"]

{3/(3)} 1. d4 Nf6 2. c4 g6 3. Nc3 Bg7 4. e4 d6 5. Nf3 O-O 6. Be2 e5 7. O-O Nc6
8. d5 Ne7 9. Ne1 Nd7 10. Be3 f5 11. f3 f4 12. Bf2 g5 13. b4 b6 14. Rc1 a5 15.
a3 axb4 16. axb4 Ba6 17. c5 bxc5 18. bxc5 Bxe2 19. Qxe2 Nc8 20. Nb5 Rf7 21.
cxd6 cxd6 22. Nc7 Rb8 23. Nd3 Nf8 24. Qc2 Ne7 25. Qa4 Neg6 26. Na6 Rbb7 27.
Ndb4 Qd7 28. Qxd7 Nxd7 29. Rc6 Bf8 30. Rfc1 Nb8 31. Rb6 Nxa6 32. Nxa6 Rfd7 33.
Rcb1 Rxb6 34. Rxb6 Be7 35. Nb8 Ra7 36. Na6 Rd7 37. Be1 Kf7 38. Bb4 Nh8 39. h3
Kf6 40. Nb8 Rd8 41. Rb7 Bf8 42. Nc6 Ra8 43. Ba5 Nf7 44. Kf1 h6 45. Ke2 h5 46.
Kf1 h4 47. Ke2 Kg6 48. Kd3 Kf6 49. Kc4 Rc8 50. Kb5 Re8 51. Kb6 Be7 52. Rxe7
Rxe7 53. Nxe7 Kxe7 54. Kc6 g4 55. fxg4 Ng5 56. Be1 f3 57. gxf3 Nxf3 58. Bf2
Nd4+ 59. Kb6 Nf3 60. Kc7 Nd2 61. Bxh4+ Ke8 62. Kxd6 Nxe4+ 63. Kxe5 Nc5 64. Bf2
Nd3+ 65. Kd6 Nxf2 66. Kc7 Nd3 67. h4 Ne5 68. d6 Nd7 69. g5 Nf8 70. g6 Nxg6 71.
d7+ Kf7 72. d8=Q Nf8 73. Qd5+ Kg7 74. h5 Nh7 75. Qf5 Nf8 76. Kd6 Kg8 77. Ke7
Nh7 78. Qg6+ Kh8 79. h6 Nf6 80. Qg7# 1-0

[Event "Lansing (MOR/1b/5)"]
[Site "?"]
[Date "1997.??.??"]
[Round "?"]
[White "Kane, Paul"]
[Black "Ryskamp, John"]
[Result "1-0"]
[WhiteElo "1635"]
[BlackElo "1605"]
[PlyCount "89"]
[EventDate "1997.??.??"]

1. d4 e6 2. c4 Nf6 3. g3 d5 4. Bg2 c6 5. Nf3 Nbd7 6. O-O dxc4 7. Nbd2 Be7 8.
Nxc4 O-O 9. Qc2 Re8 10. Nce5 Nxe5 11. Nxe5 Bd7 12. Rd1 h6 13. a3 Qc7 14. b4 a6
15. Bb2 Bd6 16. Nc4 Be7 17. Rac1 Nd5 18. e4 Nb6 19. Ne5 Bf6 20. Nf3 Rac8 21. e5
Be7 22. Ne1 Bg5 23. f4 Be7 24. Nd3 Qb8 25. Nc5 Bxc5 26. dxc5 Nd5 27. Qe4 Red8
28. Bf1 b6 29. Bd3 g6 30. Bxa6 Rc7 31. Bd3 bxc5 32. Rxc5 Qb6 33. Rdc1 Kg7 34.
h4 Rdc8 35. h5 Ne7 36. hxg6 fxg6 37. Bd4 Qb7 38. Ra5 Qb8 39. Bc5 Be8 40. Bd6
Nd5 41. Bxc7 Rxc7 42. Rac5 Qb6 43. Kf2 Ra7 44. Kg2 Ne7 45. R1c3 1-0

[Event "Lansing (MOR/5/10)"]
[Site "?"]
[Date "1997.??.??"]
[Round "?"]
[White "Kane, Paul"]
[Black "Hosking, R."]
[Result "1-0"]
[WhiteElo "1635"]
[BlackElo "1605"]
[PlyCount "75"]
[EventDate "1997.??.??"]

{5/(10)} 1. d4 Nf6 2. c4 e6 3. g3 d5 4. Bg2 c6 5. Nf3 Be7 6. O-O Nbd7 7. Qc2 b6
8. Nbd2 Bb7 9. a3 Rc8 10. b4 c5 11. e3 dxc4 12. dxc5 bxc5 13. b5 Nb6 14. Rd1
Qc7 15. a4 O-O 16. a5 Nbd5 17. Nxc4 Nb4 18. Qe2 Rfd8 19. Bb2 Qb8 20. Be5 Bxf3
21. Bxf3 Qxb5 22. Rdb1 Nfd5 23. a6 Qe8 24. e4 Nf6 25. Kg2 Nc6 26. Rb7 Rd7 27.
Rab1 Nb4 28. Rd1 Rcd8 29. Rdxd7 Rxd7 30. Na5 Nxa6 31. Qxa6 Rxb7 32. Nxb7 Nd7
33. Bc3 Qb8 34. Qc6 Nb6 35. e5 Nd5 36. Bxd5 exd5 37. Qxd5 Qa8 38. f4 1-0

[Event "Michigan Team"]
[Site "Ann Arbor, MI"]
[Date "1997.??.??"]
[Round "1.11"]
[White "Kamberi, Sonny"]
[Black "Vukadinov, M."]
[Result "1-0"]
[WhiteElo "2275"]
[BlackElo "2440"]
[PlyCount "67"]
[EventDate "1997.??.??"]

{1/1} 1. e4 c5 2. Nf3 Nc6 3. d4 cxd4 4. Nxd4 e6 5. Nc3 Qc7 6. Nxc6 bxc6 7. Bd3
Nf6 8. O-O e5 9. f4 d6 10. f5 Be7 11. Kh1 Bb7 12. Be3 a6 13. Qe2 d5 14. Bf2 d4
15. Nb1 Nd7 16. Nd2 a5 17. Qg4 Bf6 18. Bh4 h5 19. Qg3 Qd8 20. Bxf6 Qxf6 21. Nc4
Ba6 22. Rf3 Bxc4 23. Bxc4 Nb6 24. Be2 Nd7 25. Ra3 h4 26. Qe1 Qd8 27. Bc4 Ke7
28. Rh3 Qb6 29. b3 Qb4 30. Qf2 Nf6 31. a3 Qd6 32. Rxh4 Rad8 33. Qg3 Rh6 34.
Qxg7 1-0

[Event "Lansing (MI Op/3/6)"]
[Site "?"]
[Date "1997.??.??"]
[Round "?"]
[White "Kamberi, Sonny"]
[Black "Sobocinski, Mike"]
[Result "1/2-1/2"]
[WhiteElo "2340"]
[BlackElo "1945"]
[PlyCount "172"]
[EventDate "1997.??.??"]

{3/(6)} 1. e4 c6 2. d4 d5 3. exd5 cxd5 4. c4 Nf6 5. Nc3 e6 6. Nf3 Nc6 7. c5 Ne4
8. Bb5 Nxc3 9. bxc3 Qa5 10. Qb3 Bd7 11. O-O Qc7 12. g3 Be7 13. Bf4 Qd8 14. Ba4
Na5 15. Qb4 Bxa4 16. Qxa4+ Nc6 17. Rab1 Qa5 18. Qb3 O-O 19. Qxb7 Qxc3 20. Rb3
Na5 21. Rxc3 Nxb7 22. c6 Na5 23. Rb1 f6 24. h4 h6 25. h5 Rac8 26. c7 Nc4 27.
Rb7 a5 28. Rc2 Bb4 29. Nd2 Bxd2 30. Bxd2 Rf7 31. Rxc4 dxc4 32. Bxa5 Rff8 33.
Bb4 Rfe8 34. a4 Ra8 35. a5 Rec8 36. Kf1 Kf7 37. Ke2 Ke8 38. Rb6 Rxc7 39. Rxe6+
Kf7 40. Rb6 c3 41. Kd1 Rd8 42. Bd6 Ra7 43. a6 Rda8 44. Bb4 Rxa6 45. Rb7+ Kg8
46. Bxc3 Rc8 47. Bd2 Ra1+ 48. Ke2 Ra2 49. Kd3 Rcc2 50. Be3 Re2 51. d5 Re1 52.
Rb8+ Kh7 53. Kd4 Rd1+ 54. Kc4 Ra4+ 55. Kb5 Re4 56. Kc6 Re5 57. d6 Rxh5 58. d7
Rhd5 59. Rd8 Kg6 60. Bc5 Kf5 61. Bb6 g6 62. Bc5 h5 63. Be3 g5 64. Bc5 R5d3 65.
Rh8 Rxd7 66. Rxh5 Rd8 67. Bb6 Rc8+ 68. Kb7 Re8 69. Rh7 Rb1 70. Kc7 Re6 71. Be3
Ra1 72. Rd7 Kg4 73. Rd3 Rh1 74. Kd7 Ra6 75. Rd6 Rxd6+ 76. Kxd6 Ra1 77. Kd5 Kf3
78. Ke6 Ra6+ 79. Kf5 g4 80. Bd4 Rd6 81. Be3 Ra6 82. Bd4 Ra2 83. Bb6 Rd2 84. Be3
Rd3 85. Ba7 Ra3 86. Bb6 Ra6 1/2-1/2

[Event "Michigan Open"]
[Site "Lansing, MI"]
[Date "1997.??.??"]
[Round "?"]
[White "Kamberi, Sonny"]
[Black "Smith, Mike A"]
[Result "1-0"]
[WhiteElo "2340"]
[BlackElo "1945"]
[PlyCount "49"]
[EventDate "1997.08.29"]

1. e4 c6 2. d4 d5 3. exd5 cxd5 4. c4 Nf6 5. Nc3 e6 6. Nf3 Bb4 7. cxd5 exd5 8.
Bd3 O-O 9. O-O Bg4 10. Bg5 Nc6 11. Bxf6 Qxf6 12. Nxd5 Qd6 13. Nxb4 Qxb4 14.
Bxh7+ Kxh7 15. Ng5+ Kg6 16. Qxg4 Qxd4 17. Ne4+ Kh7 18. Rad1 Qxb2 19. Qh3+ Kg8
20. Ng5 Rfd8 21. Qh7+ Kf8 22. Qh8+ Ke7 23. Qxg7 Rxd1 24. Qxf7+ Kd6 25. Rxd1+
1-0

[Event "Michigan Invitational"]
[Site "Ann Arbor, MI"]
[Date "1997.??.??"]
[Round "1"]
[White "Kamberi, Sonny"]
[Black "Noren, Kevin"]
[Result "1/2-1/2"]
[WhiteElo "2305"]
[BlackElo "2290"]
[PlyCount "55"]
[EventDate "1997.??.??"]

1. e4 e6 2. d4 d5 3. Nc3 Bb4 4. Qd3 Ne7 5. Bd2 O-O 6. a3 Bxc3 7. Bxc3 b6 8. Qe3
Ba6 9. Bxa6 Nxa6 10. Ne2 c6 11. O-O Nc7 12. Ng3 Re8 13. e5 Nf5 14. Qf4 Qh4 15.
Qxh4 Nxh4 16. Bd2 f6 17. Rfe1 Kf7 18. a4 Nf5 19. Nxf5 exf5 20. exf6 gxf6 21.
Rxe8 Rxe8 22. Re1 Rxe1+ 23. Bxe1 Ne6 24. Bc3 a6 25. f3 Kg6 26. Kf2 f4 27. g3
fxg3+ 28. hxg3 1/2-1/2

[Event "Tecumseh (RVO/2/1)"]
[Site "?"]
[Date "1997.??.??"]
[Round "?"]
[White "Kamberi, Sonny"]
[Black "King, Edwin"]
[Result "1-0"]
[WhiteElo "2340"]
[BlackElo "1635"]
[PlyCount "73"]
[EventDate "1997.??.??"]

{2/(1)} 1. Nf3 Nf6 2. g3 g6 3. Bg2 Bg7 4. O-O d5 5. c4 c6 6. cxd5 cxd5 7. d4
Nc6 8. Nc3 O-O 9. Ne5 Bf5 10. f4 Qb6 11. e3 e6 12. b3 Rfc8 13. Bb2 h5 14. Rc1
Ng4 15. Qd2 Nb4 16. Na4 Qb5 17. Bc3 Nxe5 18. fxe5 Nd3 19. Ra1 a5 20. Rxf5 gxf5
21. Bf1 Nxe5 22. dxe5 Qc6 23. Qe2 Qc7 24. Rd1 Rab8 25. Bd4 Bxe5 26. Qxh5 Bxd4
27. Rxd4 Kg7 28. Qg5+ Kf8 29. Rh4 Qe5 30. Nb6 Rc7 31. Rh7 Ke8 32. Bb5+ Kf8 33.
Nd7+ Rxd7 34. Bxd7 Qa1+ 35. Kg2 Qxa2+ 36. Kh3 Qa1 37. Bxe6 1-0

[Event "Tecumseh (RVO/4/2)"]
[Site "?"]
[Date "1997.??.??"]
[Round "?"]
[White "Kamberi, Sonny"]
[Black "Gentry, Loyd"]
[Result "1-0"]
[WhiteElo "2340"]
[BlackElo "1685"]
[PlyCount "117"]
[EventDate "1997.??.??"]

{4/(2)} 1. e4 c5 2. Nf3 Nc6 3. d4 cxd4 4. Nxd4 Nf6 5. Nc3 e6 6. Ndb5 a6 7. Nd6+
Bxd6 8. Qxd6 Qe7 9. Qxe7+ Nxe7 10. Bf4 d5 11. exd5 Nexd5 12. Bd2 O-O 13. Nxd5
Nxd5 14. Bd3 Bd7 15. O-O Bc6 16. c4 Nf6 17. Rfd1 Rfd8 18. Ba5 Re8 19. Rd2 e5
20. Bf5 Ne4 21. Rdd1 Nc5 22. Rd6 e4 23. Rad1 Nd3 24. b3 Nf4 25. Bd7 Bxd7 26.
Rxd7 b5 27. c5 Nd3 28. c6 Nc5 29. Rd8 Ne6 30. Rxa8 Rxa8 31. c7 Kf8 32. Rd8+
Rxd8 33. cxd8=Q+ Nxd8 34. Bxd8 Ke8 35. Ba5 Ke7 36. Bc3 g6 37. Kf1 Kd6 38. Ke2
Kc5 39. Ke3 f5 40. h4 Kd5 41. Kf4 Ke6 42. Kg5 Kd5 43. Kh6 f4 44. Kxh7 e3 45.
fxe3 fxe3 46. Kxg6 e2 47. h5 Kc5 48. h6 b4 49. Be1 a5 50. h7 a4 51. h8=Q axb3
52. axb3 Kb5 53. Qc8 Ka5 54. Qb8 Ka6 55. Kf6 Ka5 56. Ke6 Ka6 57. Kd6 Ka5 58.
Kc6 Ka6 59. Qb6# 1-0

[Event "Lansing (MI Op/5/8)"]
[Site "?"]
[Date "1997.??.??"]
[Round "?"]
[White "Kamberi, Sonny"]
[Black "Bailey, Greg"]
[Result "1-0"]
[WhiteElo "2340"]
[BlackElo "1990"]
[PlyCount "63"]
[EventDate "1997.??.??"]

{5/(8)} 1. e4 e6 2. d4 d5 3. e5 c5 4. c3 Nc6 5. Nf3 Bd7 6. Bd3 Qc7 7. a3 f6 8.
O-O fxe5 9. Nxe5 Nxe5 10. Bf4 Qb6 11. Bxe5 Qxb2 12. dxc5 Qxa1 13. Qb3 Ne7 14.
Nd2 Qxf1+ 15. Kxf1 Bc8 16. Qd1 h5 17. Qb1 Nf5 18. Nf3 Kf7 19. Bxf5 exf5 20. Qb3
Be7 21. Qxd5+ Kg6 22. Bd6 Bf6 23. Nd4 Re8 24. h3 Rd8 25. Kg1 a5 26. Qf3 h4 27.
Ne2 Rh8 28. Nf4+ Kg5 29. g3 g6 30. Nd5 hxg3 31. Bf4+ Kh4 32. Qxg3+ 1-0